| 000 | 01421nam a22002777a 4500 | ||
|---|---|---|---|
| 003 | dpl | ||
| 005 | 20180711114620.0 | ||
| 008 | 180711b xxu||||| |||| 00| 0 eng d | ||
| 010 | _aB-241583 | ||
| 020 |
_c150.00 _a8188923001 |
||
| 035 | _aB-241583, B-241596 | ||
| 037 | _bCen Lib/Ret | ||
| 040 |
_aDPL _bHN _c0 |
||
| 082 |
_aक _bबंद्यो |
||
| 100 |
_aबंद्योपाध्याय, विभूतिभूषण _969775 |
||
| 245 |
_aनव वृंदावन : _cविभूतिभूषण बंद्योपाध्याय; अनुवादक योगेन्द्र चौधरी _bकहानी-संग्रह / |
||
| 246 |
_aNav vrindavan : kahani-sangreh / _bby Vibhutibhushan Bandhopadhyay; anuvadak Yogendra |
||
| 260 |
_aदिल्ली _bवर्षा साहित्य सदन _c2004 |
||
| 270 |
_a518/6-बी, कड़कड़ी रोड, विश्वास नगर, शाहदरा _bदिल्ली _e110032 |
||
| 300 |
_a136पृ. _c21सेमी(सजिल्द) |
||
| 650 |
_aहिंदी साहित्य _969776 |
||
| 650 |
_aहिंदी --कहानियां _92082 |
||
| 650 |
_aHindi literature _969777 |
||
| 650 |
_aHindi -- Stories _969778 |
||
| 942 |
_2ddc _cHN _hक _mबंद्यो |
||
| 999 |
_c117049 _d117049 |
||